| 000 | 00325nam a2200121Ia 4500 | ||
|---|---|---|---|
| 008 | 220217s9999||||xx |||||||||||||| ||und|| | ||
| 082 | _a005.13 PRA | ||
| 100 |
_aPrata, Stephen _91852 |
||
| 245 | 0 | _aC++ primer plus | |
| 260 |
_aPearson education asia _bNew Delhi _c2003 |
||
| 300 | _b325 | ||
| 650 | _aPROGRAMMING LANGUAGE | ||
| 999 |
_c172169 _d172169 |
||